| 000 | 00634nam a2200229Ia 4500 | ||
|---|---|---|---|
| 003 | OSt | ||
| 005 | 20221007063015.0 | ||
| 006 | a|||||r|||| 00| 0 | ||
| 007 | ta | ||
| 008 | 221006b |||||||| |||| 00| 0 eng d | ||
| 024 | _a12,145 | ||
| 037 | _cTextual | ||
| 040 |
_aFLL _cFLL _beng |
||
| 041 |
_2eng _aeng |
||
| 082 | _aV2:252:9Z, L0 | ||
| 100 |
_aMerillat H.C.L. Au. _9683687 |
||
| 245 | 0 | _aLand and the constitution in india | |
| 260 |
_aBombay _bN.M. tripathi private limited India _c1970 |
||
| 300 |
_a321p _ccm. |
||
| 942 |
_hV2:252:9Z, L0 _cTEXL _2CC |
||
| 999 |
_c1130085 _d1130085 |
||